|
|
|
|
| LEADER |
00997nam a2200241 a 4500 |
| 001 |
12205914 |
| 008 |
090810s1999 nyua b 000 1 eng d |
| 010 |
|
|
|a \\\00051661
|
| 020 |
|
|
|a 0194358267
|
| 040 |
|
|
|a DLC
|c DLC
|d DLC
|
| 082 |
0 |
0 |
|a 428.6/4
|2 21
|
| 100 |
1 |
|
|a Ediger, Anne.
|
| 245 |
1 |
0 |
|a Reading connections :
|b skills and strategies for purposeful reading : high intermediate /
|c Anne Ediger and Cheryl Pavlik.
|
| 260 |
|
|
|a New York :
|b Oxford University Press,
|c c1999.
|
| 300 |
|
|
|a xix, 238 p. :
|b ill.;
|c 26 cm.
|
| 504 |
|
|
|a Includes bibliographical references.
|
| 541 |
1 |
|
|e 00011353
|
| 650 |
|
0 |
|a English language
|v Textbooks for foreign speakers.
|
| 650 |
|
0 |
|a Readers.
|
| 700 |
1 |
|
|a Pavlik, Cheryl,
|d 1949-
|
| 852 |
4 |
|
|a Ayesha Abed Library
|j General shelf
|
| 999 |
|
|
|c 3663
|d 3663
|
| 952 |
|
|
|0 0
|1 0
|2 ddc
|4 0
|6 428_640000000000000_EDI_1999
|7 0
|9 3325
|a BRACUL
|b BRACUL
|c GEN
|d 2009-09-03
|g 0.00
|l 3
|m 2
|o 428.64 EDI
|p 3010011353
|r 2025-09-24
|s 2025-04-09
|t 1
|w 2009-09-03
|y BK
|x No price found in the accession register.
|